000 00655nam a2200229Ia 4500
003 OSt
005 20220918202028.0
006 a|||||r|||| 00| 0
007 ta
008 220917b |||||||| |||| 00| 0 eng d
024 _a98,240
037 _cTextual
040 _aARTS
_cARTS
_beng
041 _2eng
_aeng
082 _aV2:28:L21<-L13x, L2
100 _aMehta Balmukund
_9101869
245 0 _aLetters of a king-maker of the eighteenth century
_b (Balmukund Nama), english tr by Satish Chandra
260 _c1972
650 _aHISTORY
942 _hV2:28:L21<-L13x, L2
_cTEXL
_2CC
999 _c221832
_d221832